Vybrané zmeny v zákone o dani z príjmov od januára 2022

Prehľad o vybraných zmenách v zdaňovaní daňou z príjmu a súvisiace daňové pravidlá, ktoré sa s účinnosťou od 1. 1. 2022 premietnu do zákona o dani z príjmov. Zníženie poplatku za odsúhlasenie metódy transferového oceňovania, nový odpočet na investície, zníženie odpočtu na výskum a vývoj, zjemnenie p...

Ausführliche Beschreibung

Gespeichert in:
Bibliographische Detailangaben
1. Verfasser: Kočiš, Michal
Format: Buchkapitel
Sprache:Slowakisch
Schlagworte:
Tags: Tag hinzufügen
Keine Tags, Fügen Sie das erste Tag hinzu!

MARC

LEADER 00000naa a2200000 4500
001 0282043
005 20240417075154.8
041 0 |a slo 
044 |a SK 
245 1 0 |a Vybrané zmeny v zákone o dani z príjmov od januára 2022  |c Michal Kočiš 
520 |a Prehľad o vybraných zmenách v zdaňovaní daňou z príjmu a súvisiace daňové pravidlá, ktoré sa s účinnosťou od 1. 1. 2022 premietnu do zákona o dani z príjmov. Zníženie poplatku za odsúhlasenie metódy transferového oceňovania, nový odpočet na investície, zníženie odpočtu na výskum a vývoj, zjemnenie podmienok na podávanie prehľadu zamestnávateľom, reverzné hybridné subjekty, atď. 
610 2 0 |a dane z príjmov 
610 2 0 |a oceňovanie transferové 
610 2 0 |a odpočet dane 
610 2 0 |a investície 
610 2 0 |a výskum 
610 2 0 |a povinnosť oznamovacia 
610 2 0 |a úpravy právne 
610 2 0 |a predpisy daňové 
610 2 0 |a legislatíva 
100 1 |a Kočiš, Michal